|
|
|
|
| LEADER |
01310cam a2200337 7i4500 |
| 001 |
0000017268 |
| 005 |
20060417090000.0 |
| 020 |
0 |
0 |
|a 967-9963-77-2
|
| 090 |
0 |
0 |
|a M 338.9595
|b DAS
|
| 245 |
0 |
0 |
|a Dasar-dasar kerajaan Malaysia :
|b tinjauan menyeluruh.
|
| 260 |
0 |
0 |
|a Kuala Lumpur:
|b A.S. Noordeen,
|c 2004.
|
| 300 |
# |
# |
|a 235 p.
|
| 650 |
0 |
0 |
|a Malaysia --
|x Dasar kepimpinan melalui teladan
|
| 650 |
0 |
0 |
|a Malaysia --
|x Dasar penerapan nilai-nilai Islam dalam pentadbiran
|
| 650 |
0 |
0 |
|a Malaysia --
|x Bibliografi pilihan dasar-dasar kerajaan
|
| 650 |
0 |
0 |
|a Malaysia --
|x Wawasan 2020
|
| 650 |
0 |
0 |
|a Malaysia --
|x Dasar penswastaan
|
| 650 |
0 |
0 |
|a Malaysia --
|x Dasar pembangunan luar bandar
|
| 650 |
0 |
0 |
|a Malaysia --
|x Dasar pertanian negara
|
| 650 |
0 |
0 |
|a Malaysia --
|x Dasar pendidikan kebangsaan
|
| 650 |
0 |
0 |
|a Malaysia --
|x Dasar pandang ke timur
|
| 650 |
0 |
0 |
|a Malaysia --
|x Dasar kependududkan ke arah 70 juta
|
| 650 |
0 |
0 |
|a Malaysia --
|x Politics and government policy
|
| 650 |
0 |
0 |
|a Malaysia --
|x Sosial policy
|
| 650 |
0 |
0 |
|a Manpower policy --
|z Malaysia
|
| 650 |
0 |
0 |
|a Malaysia --
|x Foreign relations
|
| 650 |
0 |
0 |
|a Malaysia --
|x Economic policy
|
| 651 |
0 |
0 |
|a Malaysia
|
| 700 |
1 |
1 |
|a Yusof Ismail
|
| 700 |
1 |
1 |
|a Khayati,
|h Rahim
|
| 999 |
|
|
|a 0000018113
|b Book
|c Malaysia
|e Business Information Centre
|